000 00221nam a2200097Ia 4500
005 20251222114407.0
008 251222s1900||||xx |||||||||||||| ||spa||
082 _aDVD0070/P31/2006
245 0 _aOstrov:Exorcismo
942 _cDVD
999 _c1888
_d1888